Resignificación de la religión a partir de la enfermedad : estudio de cuatro casos de madres que perdieron a sus hijos por causa de la leucemia, en Guadajalara /

Se analiza el proceso que experimentaron algunas madres durante la enfermedad y muerte de sus hijos por causa de la leucemia. El analizar el discurso permitió no sólo conocer los hechos y la interpretación de éstos sino también la transformación que las madres hicieron de algunos de sus conceptualiz...

Fuld beskrivelse

Guardado en:
Bibliografiske detaljer
Hovedforfatter: Escobar Jiménez, Yolanda (autor)
Andre forfattere: Solinís Casparius, Teresa Jimena (autor) (autor)
Format: Tesis Bog
Sprog:spansk
Fag:
Tags: Tilføj Tag
Ingen Tags, Vær først til at tagge denne postø!

MARC

LEADER 00000nam^a2200000^a^4500
001 000158329
005 20250521000000.0
009 20260310100610.234
037 |a Acervo ITESO - Biblioteca 
041 |a ESP 
090 |a CCO. 539 
100 |a Escobar Jiménez, Yolanda  |e (autor) 
245 1 0 |a Resignificación de la religión a partir de la enfermedad :  |b estudio de cuatro casos de madres que perdieron a sus hijos por causa de la leucemia, en Guadajalara /  |c Y. Escobar Jiménez, T.J. Solinís Casparius. 
264 |a Guadalajara, México :  |b edición de autor,  |c 2003 
300 |a 1 disco compacto de computadora 
336 |a datos para computadora  |b cod  |2 rdacontenido 
337 |a computadora  |b c  |2 rdamedio 
338 |a disco de computadora  |b cd  |2 rdasoporte 
502 |a ITESO Tesis de Licenciatura en Ciencias de la Comunicación 
520 |a Se analiza el proceso que experimentaron algunas madres durante la enfermedad y muerte de sus hijos por causa de la leucemia. El analizar el discurso permitió no sólo conocer los hechos y la interpretación de éstos sino también la transformación que las madres hicieron de algunos de sus conceptualizaciones en el ámbito religioso, a partir de las cuales ellas van reconstruyendo sus propias representaciones. 
530 |a Existe una edición en formato impreso con el mismo título 
649 |a XX 
650 |a Madres -  |z Guadalajara, Jalisco -  |x Condiciones Sociales y Culturales 
650 |a Madres -  |z Jalisco -  |x Condiciones Sociales y Culturales 
650 |a Madres -  |z México -  |x Condiciones Sociales y Culturales 
650 |a Análisis del Discurso 
650 |a Leucemia 
650 |a Enfermedades 
650 |a Salud 
650 |a Discurso Religioso 
650 |a Sociología de la Religión -  |z Guadalajara, Jalisco -  |x Tema Principal 
650 |a Sociología de la Religión -  |z Jalisco 
650 |a Sociología de la Religión -  |z México 
650 |a Sociología de la Comunicación -  |z Guadalajara, Jalisco 
650 |a Sociología de la Comunicación -  |z Jalisco 
650 |a Sociología de la Comunicación -  |z México 
700 |a Solinís Casparius, Teresa Jimena  |e (autor) 
910 |a Fondo General 
920 |a Electrónicos - Tesis del ITESO en Disco 
905 |a 202 
901 |a 0500089802  |b IT2  |c STS  |u 20250521 
902 |a https://opac.biblio.iteso.mx/vufind/Record/000158329